[Event "Balkaniad (Men)"]
[Site "?"]
[Date "1993.??.??"]
[Round "1"]
[White "Moutousis, Konstantinos"]
[Black "Dimitrov, Vladimir"]
[Result "1-0"]
[WhiteElo "2425"]
[BlackElo "2525"]

1.d4 Nf6 2.c4 g6 3.Nc3 Bg7 4.e4 d6 5.Nf3 O-O 6.Be2 e5 7.O-O Nc6 8.d5 Ne7
9.Ne1 Ne8 10.Be3 f5 11.f3 f4 12.Bf2 h5 13.c5 Kh8 14.a4 Ng8 15.a5 Nh6 16.cxd6 cxd6
17.Qb3 g5 18.Nb5 g4 19.Kh1 a6 20.Na7 g3 21.Bg1 gxh2 22.Bf2 Rf7 23.Nxc8 Rxc8
24.Nd3 Bf6 25.Rfc1 Ra8 26.Rc3 Bh4 27.Bb6 Qg5 28.Rac1 Rg7 29.Bf1 Qg6 30.Rc8 Rxc8
31.Rxc8 Ng8 32.Rb8 Kh7 33.Qc4 Qf7 34.Qc8 Ngf6 35.Qh3 Bg3 36.Be2 Kh6 37.Bd1 Qg6
38.Ba4 Re7 39.Qc8 Nxe4 40.fxe4  1-0

[Event "Balkaniad (Men)"]
[Site "?"]
[Date "1993.??.??"]
[Round "1"]
[White "Skembris, Spyridon"]
[Black "Georgiev, Krum"]
[Result "1/2-1/2"]
[WhiteElo "2545"]
[BlackElo "2475"]

1.d4 Nf6 2.c4 g6 3.Nc3 Bg7 4.e4 d6 5.Nf3 O-O 6.Be2 e5 7.O-O Nc6 8.Be3 Ng4
9.Bg5 Bf6 10.Bxf6 Nxf6 11.d5 Ne7 12.c5 Bg4 13.b4 Bxf3 14.Bxf3 Nd7 15.Na4 a5
16.a3 axb4 17.axb4 f5 18.Qb3 Nf6 19.Nc3 fxe4 20.Bxe4 Kg7 21.f3 Nf5 22.Rxa8 Qxa8
23.Bxf5 gxf5 24.f4 Qe8 25.Qc4 Rf7 26.Qd3 e4 27.Qd4 Re7  1/2-1/2

[Event "Balkaniad (Men)"]
[Site "?"]
[Date "1993.??.??"]
[Round "5"]
[White "Ari, Zeki"]
[Black "Moutousis, Konstantinos"]
[Result "1-0"]
[WhiteElo "2240"]
[BlackElo "2425"]

1.d4 Nf6 2.c4 g6 3.Nc3 Bg7 4.e4 d6 5.Be2 O-O 6.Nf3 e5 7.O-O Nc6 8.d5 Ne7
9.Ne1 Ne8 10.Be3 f5 11.f3 f4 12.Bf2 h5 13.c5 g5 14.cxd6 cxd6 15.a4 Ng6 16.a5 Bh6
17.b4 Kh7 18.Nb5 a6 19.Na3 Nf6 20.Bb6 Qe8 21.Rc1 Rg8 22.Rc7+ Kh8 23.b5 g4
24.bxa6 bxa6 25.Nc4 Qf8 26.Rc6 g3 27.h3 Ne8 28.Nxd6 Bd7 29.Nf5 Bxc6 30.dxc6 Bg5
31.Bc4 Ne7 32.Nxe7 Qxe7 33.Bxg8 Kxg8 34.Qd5+ Kg7 35.Nd3 Bf6 36.Bc5 Qf7 37.Qxf7+ Kxf7
38.Bb6 Rc8 39.Rc1 Ke6 40.Nb4 Kd6 41.c7 Be7 42.Nxa6 Kd7 43.Nb8+ Ke6 44.a6 Bd6
45.a7 Nxc7 46.Bxc7 Bxc7 47.Rc6+ Ke7 48.a8=Q Bb6+ 49.Kf1  1-0

[Event "Barcelona"]
[Site "Barcelona"]
[Date "1993.??.??"]
[Round "1"]
[White "Tukmakov, Vladimir B"]
[Black "Pablo Marin, Alejandro"]
[Result "1-0"]
[WhiteElo "2600"]
[BlackElo "2375"]

1.d4 Nf6 2.Nf3 g6 3.c4 Bg7 4.Nc3 O-O 5.e4 d6 6.Be2 e5 7.O-O Nc6 8.d5 Ne7
9.b4 Nh5 10.c5 Nf4 11.Bxf4 exf4 12.Rc1 h6 13.Nd4 Bd7 14.Re1 a5 15.a3 axb4
16.axb4 Kh7 17.Ncb5 Bxb5 18.Nxb5 Ng8 19.cxd6 cxd6 20.Rc7 Ra1 21.Qd2 Qf6 22.Rxa1 Qxa1+
23.Bf1 Be5 24.Rxb7 Nf6 25.f3 Kg7 26.Ra7 Qb1 27.Nd4 Bxd4+ 28.Qxd4 Rb8 29.Ra4 Qe1
30.Qb2 Qe3+ 31.Kh1 Qe1 32.Qe2 Qb1 33.b5 Rc8 34.Rc4 Ra8 35.Rc2 Ra1 36.Kg1 Qb4
37.Qd3 Re1 38.Kf2 Qb1 39.Rd2 Qc1 40.Be2 Rh1 41.Rd1 Rxd1 42.Bxd1 Qb2+ 43.Be2 Nd7
44.Ke1 Ne5 45.Qd2 Qa1+ 46.Kf2 Qa7+ 47.Kf1 Qa1+ 48.Qe1 Qb2 49.g3 g5 50.gxf4 gxf4
51.Qf2 Qb1+ 52.Kg2 Qb2 53.Bf1 Qb4 54.Qc2 Ng6 55.Be2 Ne5 56.Qc1 Ng6 57.Kf1 Qb3
58.Qd2 Qb1+ 59.Kf2 Kg8 60.Bf1 Qb3 61.Be2 Qb1 62.e5 Nxe5 63.Qxf4 Kg7 64.Qd4 Kg8
65.h4 h5 66.Qd2 Ng6 67.Bd3 Qb3 68.Qc2 Qxd5 69.Bxg6 fxg6 70.Qxg6+ Kf8 71.Qf6+ Ke8
72.Qg5 Qf7 73.b6 Qa2+ 74.Kg3 Qb1 75.Qxh5+ Kf8 76.Qh6+ Kg8 77.Qxd6 Qg1+ 78.Kh3 Qh1+
79.Qh2 Qb1 80.Qb8+ Kh7  1-0

[Event "Barcelona UGA"]
[Site "Barcelona"]
[Date "1993.??.??"]
[Round "9"]
[White "Pares Vives, Jose"]
[Black "Bjerring, Kai"]
[Result "1-0"]
[WhiteElo "2350"]
[BlackElo "2360"]

1.Nf3 g6 2.c4 Bg7 3.Nc3 Nf6 4.e4 O-O 5.d4 d6 6.Be2 e5 7.O-O Nc6 8.d5 Ne7
9.Ne1 Nd7 10.Be3 f5 11.f3 f4 12.Bf2 Nf6 13.c5 g5 14.a4 Ng6 15.cxd6 cxd6 16.a5 Rf7
17.Ra4 h5 18.h3 Bf8 19.Nb5 Bd7 20.a6 bxa6 21.Rxa6 Bxh3 22.gxh3 Qc8 23.Nxd6 Bxd6
24.Rxd6 Qxh3 25.Qd3 Nh4 26.Bxh4 Qxh4 27.Ng2 Qg3 28.Qc3 h4 29.Qe1 Rb8 30.Qxg3 fxg3
31.Rb1 Rb3 32.Re6 h3 33.Rxe5 Rg7 34.d6 Kh7 35.Rf5 Nh5 36.Bc4 Rb6 37.Bf7 Kh6
38.d7 Rd6 39.Bxh5 Kxh5 40.Nf4+ Kh4 41.Ng2+ hxg2 42.Rf8 Rdxd7 43.Rh8+ Rh7
44.Rxh7+ Rxh7 45.Kxg2  1-0

[Event "JUG-chT2"]
[Site "Becici"]
[Date "1993.??.??"]
[Round "2"]
[White "Miladinovic, Igor"]
[Black "Manojlovic, Sava"]
[Result "1-0"]
[WhiteElo "2440"]
[BlackElo "2265"]

1.d4 Nf6 2.c4 g6 3.Nc3 Bg7 4.e4 d6 5.Nf3 O-O 6.Be2 e5 7.O-O Nc6 8.d5 Ne7
9.Ne1 Nd7 10.Nd3 a5 11.Rb1 f5 12.f3 f4 13.g4 b6 14.Bd2 g5 15.Be1 Ng6 16.a3 Rf7
17.b4 axb4 18.axb4 Bf8 19.Ra1 Rxa1 20.Qxa1 Nf6 21.Qa8 h5 22.h3 hxg4 23.hxg4 Be7
24.Nb5 Bd7 25.Qxd8+ Bxd8 26.Nc3 c5 27.Bf2 Rf8 28.Ra1 Bc7 29.Ra7 Rc8 30.Bd1 Ne8
31.Ba4 Bxa4 32.Nxa4 Nf8 33.Kf1 Nd7 34.Ke2 Nef6 35.Ra6 Rb8 36.Nc3 Rb7 37.Nb5 Ne8
38.Kd2 Kf7 39.Kc2 Bb8 40.Kb3 Ke7 41.Bg1 Nef6 42.Ra2 Ne8 43.Rh2 Ndf6 44.Ka4 Kd8
45.bxc5 bxc5 46.Bxc5 dxc5 47.Nxc5 Rh7 48.Ne6+ Kc8 49.Rc2 Rh1 50.Nxg5 Rf1
51.c5 Kd7 52.Rc3 Re1 53.d6 Kc6 54.Nf7 Ra1+ 55.Kb4 Rb1+ 56.Kc4 Bxd6 57.Nbxd6 Nd7
58.Nxe8  1-0

[Event "JUG-chT2"]
[Site "Becici"]
[Date "1993.??.??"]
[Round "3"]
[White "Ivanovic, Miroslav"]
[Black "Aleksic, Nenad"]
[Result "0-1"]
[WhiteElo "2225"]
[BlackElo "2415"]

1.d4 Nf6 2.c4 g6 3.Nc3 Bg7 4.e4 d6 5.Nf3 O-O 6.Be2 e5 7.O-O Nc6 8.d5 Ne7
9.Ne1 Nd7 10.Be3 f5 11.f3 f4 12.Bf2 g5 13.g4 Ng6 14.h3 Nf6 15.c5 h5 16.cxd6 cxd6
17.Kg2 Nh4+ 18.Bxh4 gxh4 19.Rh1 Nh7 20.Nd3 hxg4 21.hxg4 Rf7 22.a4 Bf6 23.Nb5 Qf8
24.Rc1 Bd8 25.Nxa7 Bxg4 26.fxg4 Ng5 27.Bf3 h3+ 28.Kh2 Rxa7 29.Rc8 Rc7 30.Rb8 b5
31.axb5 Ra1 32.Qe2 Rc2 33.Rxa1 Nxf3+ 34.Kxh3 Qh6+  0-1

[Event "Lvov-Belgrade"]
[Site "Belgrade"]
[Date "1993.??.??"]
[Round "1"]
[White "Miladinovic, Igor"]
[Black "Golod, Vitali"]
[Result "0-1"]
[WhiteElo "2450"]
[BlackElo "2490"]

1.d4 Nf6 2.c4 g6 3.Nc3 Bg7 4.e4 d6 5.Nf3 O-O 6.Be2 e5 7.O-O Nc6 8.d5 Ne7
9.Ne1 Nd7 10.Nd3 f5 11.f3 f4 12.b4 a5 13.bxa5 Rxa5 14.Bd2 Ra8 15.g4 Bf6 16.Be1 h5
17.h3 Kg7 18.Kg2 Rh8 19.Rh1 hxg4 20.hxg4 Rxh1 21.Kxh1 Qh8+ 22.Kg2 Nb6 23.Nc1 Qh6
24.Bf2 Bxg4 25.fxg4 Rh8 26.Bf3 Qh3+ 27.Kg1 Nxc4 28.Nb3 Ne3 29.Bxe3 Qg3+ 30.Bg2 fxe3
31.Qf3 Qh2+ 32.Kf1 Bg5 33.Ke1 Rf8 34.Qh3 Qg1+ 35.Bf1  0-1

[Event "Benasque op"]
[Site "Benasque"]
[Date "1993.??.??"]
[Round "6"]
[White "Komljenovic, Davor"]
[Black "Torrecillas Martinez, Antonio"]
[Result "1/2-1/2"]
[WhiteElo "2450"]
[BlackElo "2350"]

1.d4 Nf6 2.c4 g6 3.Nc3 Bg7 4.e4 d6 5.Nf3 O-O 6.Be2 e5 7.O-O Nc6 8.d5 Ne7
9.b4 Nh5 10.g3 f5 11.Ng5 Nf6 12.f3 Kh8 13.b5 f4 14.g4 h5 15.gxh5 Nxh5 16.Ne6 Bxe6
17.dxe6 Rf6 18.Rf2 Rxe6 19.Bf1 a6 20.a4 Bf8 21.Bh3 Rf6 22.Nd5 Nxd5 23.Qxd5 c6
24.bxc6 bxc6 25.Qd3 d5 26.exd5 Bc5 27.Rb1 Rb8 28.Rxb8 Qxb8 29.Kg2 Bxf2 30.Kxf2 Ng7
31.Ba3 cxd5 32.Qxd5 Rb6 33.c5 Rb3 34.Bc1 Kh7 35.Bf1 Rc3 36.Bd2 Rc2 37.Bxa6 Qb4
38.Ke1 Qxa4 39.Bd3 Ra2 40.Qxe5 Ra1+ 41.Kf2 Qd1 42.Bxg6+ Kxg6 43.Qe4+ Kf7
44.Qxf4+ Kg8 45.Qc4+  1/2-1/2

[Event "Berliner Sommer"]
[Site "Berlin"]
[Date "1993.??.??"]
[Round "?"]
[White "Ruzele, Darius"]
[Black "Waldmann, Ivan"]
[Result "1-0"]
[WhiteElo "2500"]
[BlackElo "2295"]

1.d4 Nf6 2.c4 g6 3.Nc3 Bg7 4.e4 d6 5.Be2 O-O 6.Nf3 e5 7.O-O Nc6 8.d5 Ne7
9.b4 Nd7 10.Be3 f5 11.Ng5 Nf6 12.f3 c6 13.c5 cxd5 14.cxd6 Qxd6 15.Bc5 Qd8
16.Nxd5 Nexd5 17.exd5 Nh5 18.Ne6 Bxe6 19.dxe6 Qg5 20.Bxf8 Bxf8 21.Qb3 Be7
22.Rfe1 Qf4 23.a3 Qd4+ 24.Kh1 Bh4 25.Red1 Qf2 26.Bc4 Bf6 27.g3 e4 28.Ra2 Qxf3+
29.Qxf3 exf3 30.Rf2 Rc8 31.Bd5 Kf8 32.Bxb7 Rc7 33.Bxf3 Ng7 34.Bd5 Ke7 35.Bb3 Ne8
36.Rc2 Rxc2 37.Rd7+  1-0

[Event "Berliner Sommer"]
[Site "Berlin"]
[Date "1993.??.??"]
[Round "?"]
[White "Roos, Thomas"]
[Black "Grigore, George"]
[Result "0-1"]
[WhiteElo "2260"]
[BlackElo "2455"]

1.d4 Nf6 2.c4 g6 3.Nc3 Bg7 4.e4 d6 5.Be2 O-O 6.Nf3 e5 7.O-O Nc6 8.d5 Ne7
9.Nd2 a5 10.a3 Nd7 11.Rb1 f5 12.b4 Kh8 13.Nb5 Nf6 14.f3 g5 15.exf5 Bxf5 16.Rb3 Ng6
17.Bd3 Bxd3 18.Rxd3 Nf4 19.Rb3 axb4 20.axb4 c6 21.Nc3 cxd5 22.Nxd5 N4xd5
23.cxd5 Ra1 24.Nb1 h6 25.Be3 Qd7 26.Qd3 Qf7 27.Rd1 e4 28.fxe4 Ng4 29.Qe2 Nxe3
30.Qxe3 Be5 31.Ra3 Qh5  0-1

[Event "Berliner Sommer"]
[Site "Berlin"]
[Date "1993.??.??"]
[Round "?"]
[White "Kleeschaetzky, Ralf"]
[Black "Buenermann, Volker"]
[Result "1/2-1/2"]
[WhiteElo "2305"]
[BlackElo "2240"]

1.Nf3 d6 2.d4 Nf6 3.c4 g6 4.Nc3 Bg7 5.e4 O-O 6.Be2 e5 7.O-O Nc6 8.Be3 Ng4
9.Bg5 f6 10.Bc1 exd4 11.Nxd4 Nxd4 12.Qxd4 Be6 13.Bxg4 f5 14.Qd3 fxg4 15.Be3 Qd7
16.Rfd1 Qf7 17.b3 Rad8 18.Rac1 c6 19.Rd2 Be5 20.Rcd1 a6 21.Bh6 Rfe8 22.Qe3 c5
23.Ne2 Rd7 24.f4 gxf3 25.gxf3 Red8 26.Kg2 b5 27.cxb5 axb5 28.Bg5 Bf6 29.Bf4 Qe7
30.Nc3 Bxc3 31.Qxc3 d5 32.exd5 Rxd5 33.Rxd5 Rxd5 34.Re1 Qf7 35.Qe3 Bd7 36.Be5 Bc6
37.Qf2 Qf5 38.Ba1 Rd3 39.Re3 Qg4+ 40.Kf1 Rd1+ 41.Re1 Rxe1+ 42.Kxe1 Qxf3  1/2-1/2

[Event "Berliner Sommer"]
[Site "Berlin"]
[Date "1993.??.??"]
[Round "?"]
[White "Grigore, George"]
[Black "Rohde, Ulrich"]
[Result "1-0"]
[WhiteElo "2455"]
[BlackElo "2285"]

1.d4 Nf6 2.c4 g6 3.Nc3 Bg7 4.e4 d6 5.Be2 O-O 6.Nf3 e5 7.O-O Nc6 8.d5 Ne7
9.Nd2 c5 10.Rb1 Ne8 11.b4 b6 12.bxc5 bxc5 13.Nb3 Kh8 14.Bd2 f5 15.Qc2 f4
16.f3 h5 17.Na4 Ng8 18.Na5 Nh6 19.Nc6 Qd7 20.Bc3 Bf6 21.Rb3 g5 22.Qb2 Qg7
23.Rb8 Rxb8 24.Qxb8 Bd7 25.Qxa7 Rf7 26.Qb8 g4 27.Nb6 Qg8 28.Nxd7 Rxd7 29.Rb1 gxf3
30.Bxf3 Ng4 31.Qc8 Rc7 32.Qf5 Ne3 33.Qh3 h4 34.Rb8 Rxc6 35.dxc6 Qxc4 36.Rb1 Qxc3
37.Qe6 Nc2 38.Qxe8+ Kh7 39.Rb7+ Bg7 40.Qh5+ Kg8 41.Rb8+  1-0

[Event "Berliner Sommer"]
[Site "Berlin"]
[Date "1993.??.??"]
[Round "?"]
[White "Grigore, George"]
[Black "Beckhuis, Gernod"]
[Result "1-0"]
[WhiteElo "2455"]
[BlackElo "2195"]

1.d4 Nf6 2.c4 g6 3.Nc3 Bg7 4.e4 d6 5.Be2 O-O 6.Nf3 e5 7.O-O Nc6 8.d5 Ne7
9.Nd2 a5 10.a3 Nd7 11.Rb1 f5 12.b4 Kh8 13.f3 Ng8 14.Qc2 Ngf6 15.Bd3 f4 16.Nb5 b6
17.Bb2 Ne8 18.Bc3 a4 19.Bb2 h5 20.Nc3 g5 21.Nxa4 g4 22.c5 g3 23.h3 bxc5 24.bxc5 Rxa4
25.Qxa4 Nxc5 26.Qc2 Qh4 27.Nb3 Nxd3 28.Qxd3 Rg8 29.Rbc1 Bf6 30.Rc2 Bd8 31.Na5 c6
32.Nc4 cxd5 33.Qxd5 Qe7 34.Nxd6 Bb6+ 35.Kh1 Ba6 36.Bxe5+ Kh7 37.Bxf4 Nxd6
38.Qxh5+ Kg7 39.Qh6+ Kf7 40.Bxd6 Qe6 41.Qxe6+  1-0

[Event "Berliner Sommer"]
[Site "Berlin"]
[Date "1993.??.??"]
[Round "?"]
[White "Zagorskis, Darius"]
[Black "Frolov, Artur"]
[Result "0-1"]
[WhiteElo "2425"]
[BlackElo "2535"]

1.d4 Nf6 2.c4 g6 3.Nc3 Bg7 4.e4 d6 5.Nf3 O-O 6.Be2 e5 7.O-O Nc6 8.d5 Ne7
9.b4 Nh5 10.Nd2 Nf4 11.Bf3 f5 12.a4 Bd7 13.Ba3 g5 14.exf5 Nxf5 15.g3 Nh3+
16.Kg2 Qc8 17.c5 g4 18.Be4 Nd4 19.b5 Rf6 20.Bd3 Qe8 21.Nce4 Rh6 22.Rh1 Qh5
23.Bc4 Rf8 24.cxd6 cxd6 25.Bb2 Nf3 26.Nxf3 gxf3+ 27.Kf1 Qg4 28.Nd2 Bf6 29.Rc1 Bg5
30.Rc3 Qd4  0-1

[Event "Berliner Sommer"]
[Site "Berlin"]
[Date "1993.??.??"]
[Round "?"]
[White "Schulz, Rainer"]
[Black "Shchekachev, Andrei"]
[Result "0-1"]
[WhiteElo "2470"]
[BlackElo "2465"]

1.d4 g6 2.c4 Nf6 3.Nc3 Bg7 4.e4 d6 5.Nf3 O-O 6.Be2 e5 7.O-O Nc6 8.d5 Ne7
9.Nd2 a5 10.Rb1 Nd7 11.a3 f5 12.b4 Kh8 13.Qc2 Nf6 14.f3 g5 15.c5 axb4 16.axb4 Ng6
17.Nc4 f4 18.Nb5 Ra6 19.Bd2 Rg8 20.cxd6 cxd6 21.Ra1 Bf8 22.Rxa6 bxa6 23.Na7 Bd7
24.Nc6 Qc7 25.b5 axb5 26.Ba5 Qb7 27.Nb6 g4 28.Nxd7 Qxd7 29.Bd8 Be7 30.Bxe7 Nxe7
31.fxg4 Nxg4 32.Bxg4 Rxg4 33.Qe2 Ng8 34.Ra1 Rg5 35.Ra2 Qh3 36.Nd8 Nh6 37.Ra8 f3
38.Ne6+ Ng8  0-1

[Event "Berliner Sommer"]
[Site "Berlin"]
[Date "1993.??.??"]
[Round "?"]
[White "Zagorskis, Darius"]
[Black "Pachow, Joerg"]
[Result "1-0"]
[WhiteElo "2425"]
[BlackElo "2305"]

1.c4 Nf6 2.Nc3 g6 3.e4 d6 4.d4 Bg7 5.Nf3 O-O 6.Be2 e5 7.O-O Nc6 8.d5 Ne7
9.b4 Nh5 10.Nd2 Nf4 11.Bf3 g5 12.g3 Neg6 13.gxf4 exf4 14.Bb2 Ne5 15.Be2 g4
16.Kh1 Qh4 17.Rg1 f5 18.f3 g3 19.Rg2 fxe4 20.Ncxe4 Bh3 21.hxg3 Bxg2+ 22.Kxg2 fxg3
23.Nf1 Ng6 24.Bc1 Bh6 25.Nfxg3 Bxc1 26.Rxc1 Nf4+ 27.Kg1 Rae8 28.Bf1 Re7 29.Rc2 Rg7
30.Qe1 Nh5 31.Rh2 Qe7 32.Rxh5 Rxf3 33.Rh3 Qe5 34.Bg2 Qd4+ 35.Kh2 Rd3 36.Qf2 Qxf2
37.Nxf2 Rd2 38.Nge4 Rxa2 39.c5 b6 40.cxd6 cxd6 41.Rc3 Re7 42.Rc6 a5 43.Rxb6 a4
44.Ra6 a3 45.b5 Kg7 46.Kg3 h5 47.b6 Re5 48.b7 Rb2 49.Nd3 Rb3 50.b8=Q  1-0

[Event "Berliner Sommer"]
[Site "Berlin"]
[Date "1993.??.??"]
[Round "?"]
[White "Chuchelov, Vladimir"]
[Black "Gik, Evgeny"]
[Result "1-0"]
[WhiteElo "2510"]
[BlackElo "2355"]

1.d4 Nf6 2.Nf3 g6 3.c4 Bg7 4.Nc3 O-O 5.e4 d6 6.Be2 e5 7.O-O Nc6 8.d5 Ne7
9.Nd2 a5 10.a3 Nd7 11.Rb1 f5 12.b4 Kh8 13.Qc2 Ng8 14.f3 Ngf6 15.Bd3 f4 16.Nb5 b6
17.Bb2 h5 18.c5 bxc5 19.Nb3 a4 20.Na5 Ne8 21.Nc6 Qf6 22.bxc5 dxc5 23.Nba7 Nd6
24.Qxa4 g5 25.Qc2 c4 26.Be2 Ba6 27.Bc3 Rg8 28.Kh1 Bf8 29.Qa4 Bc8 30.Qa5 Ne8
31.Bxc4 Nd6 32.Ba6 Bxa6 33.Qxa6 g4 34.Bb4 Qg7 35.Qe2 Nb6 36.Nb5 Qd7 37.Nxd6 cxd6
38.Bxd6 Qxd6 39.Rxb6 Rxa3 40.Qb2 gxf3 41.gxf3 Rxf3 42.Rxf3 Qg6 43.Qf2 Qxe4
44.Ne7 Rg7 45.Rh6+  1-0

[Event "Berliner Sommer"]
[Site "Berlin"]
[Date "1993.??.??"]
[Round "?"]
[White "Chuchelov, Vladimir"]
[Black "Beckhuis, Gernod"]
[Result "1/2-1/2"]
[WhiteElo "2510"]
[BlackElo "2195"]

1.d4 Nf6 2.Nf3 g6 3.c4 Bg7 4.Nc3 O-O 5.e4 d6 6.Be2 e5 7.O-O Nc6 8.d5 Ne7
9.Nd2 a5 10.a3 Nd7 11.Rb1 f5 12.b4 Kh8 13.Qc2 Ng8 14.f3 Ngf6 15.Bd3 f4 16.Nb5 b6
17.Be2 h5 18.c5 bxc5 19.bxc5 Nxc5 20.a4 g5 21.Ba3 Na6 22.Rfc1 Rf7 23.Rb3 g4
24.Rc3 Ne8 25.Qd1 Qd7 26.Nc4 Nb4 27.Qb3 Bf6 28.Bxb4 axb4 29.Qxb4 Bd8 30.Qb3 Rg7
31.Qc2 Ba6 32.Nd2 Qe7 33.Qd1 Qg5 34.Nc4 Nf6 35.Qf1 h4 36.Nd2 Bxb5 37.axb5 Ra2
38.R3c2 Rxc2 39.Rxc2 h3 40.fxg4 hxg2 41.Qxg2 Qh4 42.h3 Qe1+ 43.Nf1 Qb4  1/2-1/2

[Event "Berliner Sommer"]
[Site "Berlin"]
[Date "1993.??.??"]
[Round "7"]
[White "Ikonnikov, Vyacheslav"]
[Black "Istratescu, Andrei"]
[Result "1/2-1/2"]
[WhiteElo "2485"]
[BlackElo "2505"]

1.d4 Nf6 2.Nf3 g6 3.c4 Bg7 4.Nc3 O-O 5.e4 d6 6.Be2 e5 7.O-O Nc6 8.d5 Ne7
9.Ne1 Nd7 10.Be3 f5 11.f3 f4 12.Bf2 g5 13.a4 a5 14.Nd3 b6 15.b4 axb4 16.Nb5 h5
17.Be1 g4 18.Nxb4 Nf6 19.Nc6 Nxc6 20.dxc6 Ra6 21.Bh4 Be6 22.c5 bxc5 23.Nxc7 Qxc7
24.Bxa6 Qxc6 25.Bb5 Qc7 26.Qe2 c4 27.Rfc1 Rc8 28.Rc2 d5 29.Rac1 gxf3 30.gxf3 c3
31.Rxc3 Qxc3 32.Rxc3 Rxc3 33.Bxf6 Bxf6 34.exd5 Bxd5 35.Qd2 Rc5 36.Qd3 Kg7
37.Kg2 Bf7 38.a5 e4 39.fxe4 f3+ 40.Kf2 Rc3 41.Qd1 Be6 42.Kg1 Bg4 43.Qd2 Rb3
44.Bf1 Rb1 45.e5 Bh4 46.Qd3 Rd1 47.Qb5 Bh3 48.Qb7+ Kg6 49.Qc6+ Kg7 50.Qb7+ Kg6
51.Qc6+ Kg7  1/2-1/2

[Event "Bern op"]
[Site "Bern"]
[Date "1993.??.??"]
[Round "2"]
[White "Van der Sterren, Paul"]
[Black "Stoecklin, Carlo"]
[Result "1-0"]
[WhiteElo "2490"]
[BlackElo "2190"]

1.d4 Nf6 2.c4 g6 3.Nc3 Bg7 4.e4 d6 5.Nf3 O-O 6.Be2 e5 7.O-O Nc6 8.d5 Ne7
9.Nd2 Ne8 10.b4 f5 11.c5 Nf6 12.f3 Bh6 13.Nc4 Bxc1 14.Rxc1 f4 15.a4 g5 16.a5 Rf7
17.b5 b6 18.axb6 axb6 19.cxd6 cxd6 20.Na4 Rb8 21.Qd2 Rg7 22.Qb4 Ne8 23.Ncxb6 Rxb6
24.Qa5 g4 25.Qxb6 Qd7 26.Qb8 gxf3 27.Bxf3 Qb7 28.Qxb7 Bxb7 29.Nb6 Ng6 30.Nc4 Nh4
31.Kf2 Bc8 32.Nxe5  1-0

[Event "Bern op"]
[Site "Bern"]
[Date "1993.??.??"]
[Round "4"]
[White "Zueger, Beat"]
[Black "Cvitan, Ognjen"]
[Result "1/2-1/2"]
[WhiteElo "2415"]
[BlackElo "2575"]

1.d4 Nf6 2.c4 g6 3.Nc3 Bg7 4.e4 d6 5.Be2 O-O 6.Nf3 e5 7.O-O Nc6 8.d5 Ne7
9.Ne1 Ne8 10.Be3 f5 11.f3 f4 12.Bf2 h5 13.c5 g5 14.a4 Ng6 15.a5 Kh7 16.b4 Bh6
17.cxd6 cxd6 18.Nb5 g4 19.fxg4 hxg4 20.Bxg4 Bxg4 21.Qxg4 Nf6 22.Qf5 f3 23.Nxf3 Nxd5
24.Bh4 Rxf5 25.Bxd8 Rf4 26.Ng5+ Bxg5 27.Bxg5 Rxe4 28.Nxd6 Rg4 29.Bd2 Nh4
30.g3 e4 31.Nxe4 Rxe4 32.gxh4 Rg8+ 33.Kh1 Rxh4 34.Rf7+ Rg7 35.Rxg7+ Kxg7
36.Rd1 Re4 37.Bh6+  1/2-1/2

[Event "Biel op"]
[Site "Biel"]
[Date "1993.??.??"]
[Round "4"]
[White "Djurhuus, Rune"]
[Black "Golubev, Mihail"]
[Result "1/2-1/2"]
[WhiteElo "2460"]
[BlackElo "2500"]

1.d4 Nf6 2.c4 g6 3.Nc3 Bg7 4.e4 d6 5.Be2 O-O 6.Nf3 e5 7.O-O Nc6 8.d5 Ne7
9.b4 Nh5 10.c5 Nf4 11.Bxf4 exf4 12.Rc1 a6 13.Qd2 f5 14.cxd6 Qxd6 15.Rfe1 Bxc3
16.Qxc3 fxe4 17.Ng5 Nxd5 18.Bc4 c6 19.Nxe4 Qd8 20.Qe5 Rf5 21.Qd6 Qf8 22.Bxd5+ cxd5
23.Qxf8+ Rxf8 24.Nd6 Rd8 25.Rc7 Bg4 26.f3 Rxd6 27.fxg4 b5 28.Ree7 Rad8 29.Rg7+ Kh8
30.Rxh7+ Kg8 31.Kf2 d4 32.Ke2 d3+ 33.Kd2 Re6 34.Rhe7 Re3 35.g5 Kf8 36.Rf7+ Kg8
37.Rg7+ Kh8 38.Rge7 Kg8 39.a3 Kf8 40.Rf7+ Kg8 41.Rg7+ Kh8 42.Rh7+ Kg8 43.Rcg7+ Kf8
44.Rxg6 Re2+ 45.Kd1 Rxg2 46.Rh8+ Kf7 47.Rf6+ Ke7 48.Rh7+ Ke8 49.Rh8+ Ke7
50.Rxd8 Kxd8 51.Rxf4 Rxh2 52.Rg4 Ke7 53.Rg3 Ra2 54.Re3+ Kf7 55.Rxd3 Kg6 56.Rd6+ Kxg5
57.Rxa6 Kf4 58.Kc1 Ke4 59.Kb1 Rh2 60.Rc6 Kd3 61.Rc5 Rg2 62.Kc1 Ra2 63.Kb1 Rxa3
64.Kb2 Ra8 65.Rxb5  1/2-1/2

[Event "Biel op"]
[Site "Biel"]
[Date "1993.??.??"]
[Round "4"]
[White "Llopis, Manuel"]
[Black "Volke, Karsten"]
[Result "0-1"]
[WhiteElo "2245"]
[BlackElo "2475"]

1.d4 Nf6 2.c4 g6 3.Nc3 Bg7 4.e4 d6 5.Nf3 O-O 6.Be2 e5 7.O-O Nc6 8.d5 Ne7
9.Ne1 Nd7 10.Be3 f5 11.f3 f4 12.Bf2 g5 13.a4 Ng6 14.a5 Rf7 15.c5 Nxc5 16.Bxc5 dxc5
17.Bc4 Kh8 18.a6 bxa6 19.Nd3 Bf8 20.Na4 g4 21.fxg4 Qg5 22.Nf2 Bd6 23.Ra3 Rb8
24.Rc3 Rb4 25.Kh1 Nh4 26.b3 h5 27.h3 hxg4 28.Nxg4 Rh7 29.Kg1 Rg7 30.Rf2 Qg6
31.Qe2 a5 32.Kf1 Bd7 33.Nb2 a4 34.bxa4 c6 35.Ke1 cxd5 36.Bxd5 Be6 37.Nc4 Bxd5
38.exd5 Qb1+ 39.Kd2 e4 40.Rc2 Re7 41.Nge3 Rxc4 42.Rxc4 fxe3+ 43.Qxe3 Re5
44.Qh6+ Kg8 45.Qxd6 Qb2+ 46.Ke1 Nf3+ 47.gxf3 exf3+ 48.Kd1 Qb1+ 49.Kd2 Qe1+
50.Kc2 Qxf2+ 51.Kb3 Re3+ 52.Rc3 c4+ 53.Kxc4 Qa2+ 54.Kb5 Qb2+ 55.Ka6 Qxc3
56.Qd8+ Kf7 57.Qd7+ Re7  0-1

[Event "Biel op"]
[Site "Biel"]
[Date "1993.??.??"]
[Round "8"]
[White "Jankovskis, Guntis"]
[Black "Volke, Karsten"]
[Result "0-1"]
[WhiteElo "2310"]
[BlackElo "2475"]

1.Nf3 Nf6 2.c4 g6 3.Nc3 Bg7 4.e4 d6 5.d4 O-O 6.Be2 e5 7.O-O Nc6 8.d5 Ne7
9.Ne1 Nd7 10.Nd3 f5 11.Bd2 Nf6 12.f3 Kh8 13.Rc1 c5 14.g4 a6 15.Rb1 b5 16.cxb5 axb5
17.b4 c4 18.Nf2 Bd7 19.Kg2 Nc8 20.a4 bxa4 21.Bxc4 Nb6 22.Ba2 Ne8 23.Qe2 Bf6
24.Nb5 Bg5 25.Bc3 fxg4 26.fxg4 Rc8 27.Nd3 Bf6 28.Nxd6 Rxc3 29.Nxe5 Nxd6 30.Rxf6  0-1

[Event "Bled op"]
[Site "Bled"]
[Date "1993.??.??"]
[Round "?"]
[White "Gostisa, Leon"]
[Black "Markun, Bostjan"]
[Result "1-0"]
[WhiteElo "2460"]
[BlackElo "2250"]

1.d4 Nf6 2.c4 g6 3.Nc3 Bg7 4.e4 d6 5.Be2 O-O 6.Nf3 e5 7.O-O Nc6 8.d5 Ne7
9.b4 Nd7 10.a4 f5 11.Nd2 Nf6 12.f3 f4 13.c5 g5 14.Nc4 Ng6 15.Ba3 Rf7 16.b5 Bf8
17.b6 cxb6 18.cxd6 Ne8 19.Nb5 Bd7 20.Nc7 Rc8 21.Ne6 Qf6 22.Nxf8 Rxf8 23.Rc1 h5
24.Bb2 Nxd6 25.Nxd6 Qxd6 26.Qb3 Rfd8 27.h3 Kh7 28.Rfd1 Nh4 29.Ba3 Qg6 30.Qb4 Qg7
31.Kf2 Re8 32.Bb5 Rg8 33.Qe7 Bxb5 34.axb5 Qxe7 35.Bxe7 Rce8 36.d6 Ng6 37.Bxg5 Nf8
38.d7  1-0

[Event "Bled op (Women)"]
[Site "Bled"]
[Date "1993.??.??"]
[Round "?"]
[White "Umanskaya, Irina"]
[Black "Mihevc, Narcisa"]
[Result "1-0"]
[WhiteElo "2340"]
[BlackElo "2135"]

1.d4 Nf6 2.c4 g6 3.Nc3 Bg7 4.e4 d6 5.Nf3 O-O 6.Be2 e5 7.O-O Nc6 8.d5 Ne7
9.Nd2 a5 10.Rb1 Nd7 11.a3 f5 12.b4 axb4 13.axb4 Nf6 14.f3 Bh6 15.Nb3 Bxc1
16.Nxc1 f4 17.Nd3 g5 18.g4 h5 19.h3 Ng6 20.c5 Kg7 21.b5 b6 22.cxb6 cxb6 23.Ra1 Bb7
24.Rxa8 Qxa8 25.Qa1 Qxa1 26.Rxa1 Ra8 27.Rxa8 Bxa8 28.gxh5 Ne7 29.Na4 Nd7
30.Ndb2 Kh6 31.Nc4 Nc8 32.h4 gxh4 33.Bf1 Nf6 34.Naxb6 Nxb6 35.Nxb6 Bb7 36.Nc4 Ne8
37.Na5 Ba8 38.b6 Kxh5 39.b7 Bxb7 40.Nxb7 Kg6 41.Bb5 Nc7  1-0

[Event "Bled op (Women)"]
[Site "Bled"]
[Date "1993.??.??"]
[Round "?"]
[White "Umanskaya, Irina"]
[Black "Grosar, Kiti"]
[Result "1-0"]
[WhiteElo "2340"]
[BlackElo "2120"]

1.d4 Nf6 2.c4 g6 3.Nc3 Bg7 4.e4 d6 5.Nf3 O-O 6.Be2 e5 7.O-O Nc6 8.d5 Ne7
9.Nd2 a5 10.Rb1 Nd7 11.a3 f5 12.b4 axb4 13.axb4 Nf6 14.f3 f4 15.c5 g5 16.Nc4 Ng6
17.b5 Rf7 18.b6 Bf8 19.Nb5 dxc5 20.bxc7 Rxc7 21.Nxc7 Qxc7 22.d6 Qg7 23.Nb6 Rb8
24.Nxc8 Rxc8 25.Qb3+ Kh8 26.Rd1 Rb8 27.Qb6 g4 28.Qc7 gxf3 29.Qxg7+ Kxg7 30.gxf3 Nh8
31.Ba3 Nd7 32.Bb5 Rd8 33.Ba4 b6 34.Bxd7 Rxd7 35.Rxb6 Nf7 36.Bxc5 Kf6 37.Rdb1 Bxd6
38.Bxd6 Rxd6 39.Rxd6+ Nxd6 40.Rb6 Ke7 41.Ra6 Nf7 42.Kg2 Kf8 43.Kh3 Kg7 44.Kg4 h6  1-0

[Event "Bled op"]
[Site "Bled"]
[Date "1993.??.??"]
[Round "?"]
[White "Gostisa, Leon"]
[Black "Bohak, Janko"]
[Result "1-0"]
[WhiteElo "2460"]
[BlackElo "2240"]

1.d4 Nf6 2.Nf3 g6 3.c4 Bg7 4.Nc3 O-O 5.e4 d6 6.Be2 e5 7.O-O Nc6 8.d5 Ne7
9.b4 Nh5 10.c5 Nf4 11.Bxf4 exf4 12.Qd2 Bg4 13.Rac1 Bxf3 14.Bxf3 g5 15.Bg4 Ng6
16.Rfd1 Ne5 17.Qe2 a6 18.Bf5 Qf6 19.Qh5 h6 20.Ne2 Ng6 21.Nd4 Nh4 22.cxd6 Nxf5
23.Nxf5 cxd6 24.h4 Rfc8 25.Qg4 Rxc1 26.Rxc1 Re8 27.f3 Qd8 28.hxg5 hxg5 29.Rc8 Qxc8
30.Ne7+ Rxe7 31.Qxc8+ Bf8 32.Qd8 Kg7 33.Kf2 f6 34.Qxd6 Rxe4 35.Qc7+  1-0

[Event "Bled op"]
[Site "Bled"]
[Date "1993.??.??"]
[Round "?"]
[White "Tratar, Marko"]
[Black "Bukic, Enver"]
[Result "0-1"]
[WhiteElo "2290"]
[BlackElo "2435"]

1.d4 Nf6 2.c4 g6 3.Nc3 Bg7 4.e4 d6 5.Nf3 O-O 6.Be2 e5 7.O-O Nc6 8.d5 Ne7
9.Nd2 Ne8 10.b4 f5 11.c5 Nf6 12.f3 f4 13.Nc4 g5 14.a4 Ng6 15.Ba3 Rf7 16.b5 Bf8
17.b6 axb6 18.cxb6 cxb6 19.Rb1 h5 20.Nxb6 Rb8 21.Qb3 g4 22.Nxc8 Rxc8 23.Rfc1 Rg7
24.Kh1 Nh4 25.Rg1 Qd7 26.Nd1 Rc7 27.Nf2 g3 28.Nh3 gxh2 29.Kxh2 Rg3  0-1